00310nam a2200121Ia 4500008004100000041001200041082001600053100001800069245005100087260003700138300000600175650000700181221030s9999 xx 000 0 und d aEnglish a105.23bMar aG. L. Marwaha 0aBasic Electrical Engineeringcby G. L. Marwaha bEagle PrakashanaJalandharc1999 a0 aEE